Electical wiring industrial (Record no. 27132)

MARC details
000 -LEADER
fixed length control field 00263nam a2200109Ia 4500
082 ## - DEWEY DECIMAL CLASSIFICATION NUMBER
Classification number 621.315
Item number SMI
100 ## - MAIN ENTRY--AUTHOR NAME
Personal name Smith, R L
245 #0 - TITLE STATEMENT
Title Electical wiring industrial
260 ## - PUBLICATION, DISTRIBUTION, ETC. (IMPRINT)
Place of publication New York
Name of publisher VNR
Year of publication 1977
942 ## - ADDED ENTRY ELEMENTS (KOHA)
Koha item type Books
Holdings
Withdrawn status Lost status Damaged status Not for loan Home library Current library Date acquired Cost, normal purchase price Full call number Accession Number Koha item type
        RRII Library RRII Library 16/12/2021 9.95 621.315 SMI 07761 Books